Capital cities of the World - Statistics

General Stats
  • This quiz has been taken 27 times
  • The average score is 122 of 195
Answer Stats
Country Capital City % Correct
Algeria Algiers
95%
Brazil Brasília
95%
Belgium Brussels
95%
Afganistan Kabul
95%
Austria Vienna
95%
Greece Athens
89%
China Beijing
89%
Germany Berlin
89%
Switzerland Bern
89%
Hungary Budapest
89%
Egypt Cairo
89%
Australia Canberra
89%
Denmark Copenhagen
89%
Finland Helsinki
89%
Portugal Lisbon
89%
United Kingdom (UK) London
89%
Spain Madrid
89%
Belarus Minsk
89%
Russia Moscow
89%
Canada Ottawa
89%
France Paris
89%
Iceland Reykjavik
89%
Bosnia and Herzegovina Sarajevo
89%
Bulgaria Sofia
89%
Albania Tirana
89%
Japan Tokyo
89%
Netherlands Amsterdam
84%
Thailand Bangkok
84%
Argentina Buenos Aires
84%
Ireland Dublin
84%
Cuba Havana
84%
Israel Jerusalem
84%
Ukraine Kiev
84%
Luxembourg Luxembourg
84%
Mexico Mexico City
84%
Norway Oslo
84%
Czech Republic (Czechia) Prague
84%
Latvia Riga
84%
Italy Rome
84%
South Korea Seoul
84%
Singapore Singapore
84%
Sweden Stockholm
84%
Estonia Tallinn
84%
Poland Warsaw
84%
United States of America (USA) Washington
84%
New Zealand Wellington
84%
Croatia Zagreb
84%
Ethiopia Addis Ababa
79%
Andorra Andorra la Vella
79%
Iraq Baghdad
79%
Azerbaijan Baku
79%
Romania Bucharest
79%
Bangladesh Dhaka
79%
Pakistan Islamabad
79%
Indonesia Jakarta
79%
Jamaica Kingston
79%
St. Vincent and the Grenadines Kingstown
79%
Peru Lima
79%
Monaco Monaco
79%
North Korea Pyongyang
79%
Chile Santiago
79%
Vatican Vatican City
79%
United Arab Emirates (UAE) Abu Dhabi
74%
Turkey Ankara
74%
Lebanon Beirut
74%
Serbia Belgrade
74%
Slovakia Bratislava
74%
Syria Damascus
74%
Malaysia Kuala Lumpur
74%
Philippines Manila
74%
Kenya Nairobi
74%
Panama Panama City
74%
Ecuador Quito
74%
El Salvador San Salvador
74%
Libya Tripoli
74%
Lichtenstein Vaduz
74%
Ghana Accra
68%
Jordan Amman
68%
Colombia Bogotá
68%
Venezuela Caracas
68%
Guyana Georgetown
68%
Guatemala Guatemala City
68%
Vietnam Hanoi
68%
Nepal Kathmandu
68%
Kuwait Kuwait City
68%
Slovenia Ljubljana
68%
Uruguay Montevideo
68%
Oman Muscat
68%
Bahamas Nassau
68%
Cyprus Nicosia
68%
Montenegro Podgorica
68%
Kosovo Pristina
68%
Saudi Arabia Riyadh
68%
Costa Rica San Jose
68%
San Marino San Marino
68%
North Macedonia Skopje
68%
Bolivia Sucre/La Paz
68%
Tunisia Tunis
68%
Mongolia Ulaanbaatar
68%
Belize Belmopan
63%
Guinea-Bissau Bissau
63%
Moldova Chisinau
63%
Djibouti Djibouti
63%
Qatar Doha
63%
Angola Luanda
63%
Cambodia Phnom Penh
63%
Morrocco Rabat
63%
Yemen Sana'a
63%
Dominican Republic Santo Domingo
63%
Sao Tomé and Principe Sao Tomé
63%
Antigua and Barbuda St. John's
63%
Uzbekistan Tashkent
63%
Georgia Tbilisi
63%
Nigeria Abuja
58%
Madagascar Antananarivo
58%
Kyrgyzstan Bishkek
58%
Barbados Bridgetown
58%
South Africa Cape Town
58%
Senegal Dakar
58%
East Timor Dili
58%
Zimbabwe Harare
58%
Maldives Male
58%
Bahrain Manama
58%
Somalia Mogadishu
58%
Kazakhstan Nur-Sultan
58%
Armenia Yerevan
58%
Turkmenistan Ashgabat
53%
Tanzania Dodoma
53%
Sierra Leone Freetown
53%
Botswana Gaborone
53%
South Sudan Juba
53%
Uganda Kampala
53%
Sudan Khartoum
53%
Democratic republic of Congo Kinshasa
53%
Nicaragua Managua
53%
Chad N'djamena
53%
Haiti Port-au-Prince
53%
Trinidad and Tobago Port of Spain
53%
Honduras Tegucigalpa
53%
Seychelles Victoria
53%
Namibia Windhoek
53%
Congo Brazzaville
47%
Tuvalu Funafuti
47%
Gabon Libreville
47%
Zambia Lusaka
47%
Mozambique Maputo
47%
Niger Niamey
47%
Mauritania Nouakchott
47%
Burkina Faso Ouagadougou
47%
Suriname Paramaribo
47%
Papua New Guinea Port Moresby
47%
Benin Porto-Novo
47%
Fiji Suva
47%
Laos Vientiane
47%
Cameroon Yaounde
47%
Paraguay Asunción
42%
Mali Bamako
42%
St. Lucia Castries
42%
Guinea Conakry
42%
Tajikistan Dushanbe
42%
Rwanda Kigali
42%
Malawi Lilongwe
42%
Togo Lomé
42%
Grenada St. George's
42%
Eritrea Asmara
37%
Brunei Bandar Seri Begawan
37%
Central African Republic (CAR) Bangui
37%
Marshall Islands Majuro
37%
Liberia Monrovia
37%
Cape Verde Praia
37%
Dominica Roseau
37%
Sri Lanka Sri Jayawardenepura Kotte
37%
Lithuania Vilnius
37%
Gambia Banjul
32%
St. Kitts and Nevis Basseterre
32%
Equatorial Guinea Malabo
32%
Lesotho Maseru
32%
Eswatini (Swaziland) Mbabane
32%
Micronesia (Federated States of Micronesia) Palikir
32%
Mauritius Port Louis
32%
Vanuatu Port Vila
32%
Kiribati South Tarawa
32%
Bhutan Thimpu
32%
Burundi Bujumbura
26%
Comoros Moroni
26%
Tonga Nuku'alofa
26%
Iran Teheran
26%
Ivory Coast Yamoussoukro
26%
Samoa Apia
21%
India New Dheli
21%
Palau Ngerulmud
21%
Malta La Valletta
5%
Myanmar Nay Pyi Taw
5%
Nauru Yaren District
5%
Solomon Islands Honaria
0%
No matching quizzes found
Score Distribution
Percent of People with Each Score
Percentile by Number Answered
Your Score History
You have not taken this quiz